[Event "Cap Aurora FISCA op"]
[Site "Cap Aurora"]
[Date "2022.06.25"]
[Round "5"]
[White "Sprincean, Lukas George"]
[Black "Prisacaru, Stefan Emilian"]
[Result "0-1"]
[WhiteElo "1664"]
[BlackElo "1937"]
[PlyCount "120"]
[EventDate "2022.06.22"]
[EventType "swiss"]
[EventRounds "9"]
[EventCountry "ROU"]
[SourceTitle "EXT 2023"]
[Source "ChessBase"]
[SourceDate "2022.10.05"]
[SourceVersion "1"]
[SourceVersionDate "2022.10.05"]
[SourceQuality "1"]

1. e4 g6 2. d4 Bg7 3. h4 d5 4. e5 c5 5. c3 h5 6. Nf3 Nc6 7. Be2 Bg4 8. dxc5 Bxf3 9. Bxf3 e6 10. Bf4 Nxe5 11. Bxe5 Bxe5 12. Qe2 Bg7 13. Qb5+ Qd7 14. Qxd7+ Kxd7 15. 0-0 Kc6 16. Nd2 Kxc5 17. c4 Ne7 18. cxd5 exd5 19. Rac1+ Kb6 20. Rfe1 Bf6 21. Re3 a6 22. Rce1 Nc6 23. Bxd5 Rad8 24. Nc4+ Kc7 25. Bxc6 bxc6 26. Rf3 Bxh4 27. Rxf7+ Rd7 28. Rxd7+ Kxd7 29. Ne5+ Kc7 30. Nxg6 Rb8 31. Nxh4 Rxb2 32. Ra1 c5 33. Nf3 Kc6 34. Ne5+ Kd5 35. Nd3 Rd2 36. Nf4+ Kd4 37. Kf1 c4 38. Ke1 Rb2 39. Nxh5 c3 40. Ng3 c2 41. Ne2+ Kd3 42. Nc1+ Kc3 43. Ne2+ Kd3 44. Rc1 Rxa2 45. Nf4+ Kc3 46. Nd5+ Kc4 47. Nb6+ Kd3 48. Nd5 Rb2 49. Nf4+ Kc3 50. Nd5+ Kd3 51. Nf4+ Kc3 52. Ne2+ Kd3 53. g4 Rb4 54. f3 a5 55. g5 Rh4 56. Ng3 Rh3 57. Kf2 Rh2+ 58. Kg1 Rd2 59. Ne2 Kxe2 60. g6 Rd1+ 0-1